Is That A Star Wars First Name or Last Name? #3 - Statistics

General Stats
  • This quiz has been taken 15 times
  • The average score is 11 of 15
Answer Stats
Question Answer % Correct
Fett? Last Name
100%
Kestis? Last Name
92%
Nute? First Name
85%
Ackbar? Last Name
85%
Jarrus? Last Name
85%
Verosha? First Name
77%
Reva? First Name
77%
Koon? Last Name?
77%
Chirrut? First Name
69%
Nu? Last Name
69%
Syndulla? Last Name
62%
Kelleran? First Name
54%
Ciddarin? First Name
54%
Kazuda? First Name
54%
Typho? Last Name
54%
No matching quizzes found
Score Distribution
Percent of People with Each Score
Percentile by Number Answered
Your Score History
You have not taken this quiz